Statistics for Biggest Cities in South America A-Z

Click here to take the quiz!

General Stats

  • This quiz has been taken 104 times
  • The average score is 11 of 26

Answer Stats

#PopulationCity% Correct
S11, 967, 825Saõ Paulo
100%
R6, 476, 631Rio de Janeiro
96%
B7, 840, 116Bogota
95%
L9, 866, 627Lima
95%
Q2, 551, 721Quito
92%
C3, 289, 886Caracas
86%
M2, 214, 494Medellin
82%
F2, 591, 188Fortaleza
74%
G2, 589, 229Guayaquil
71%
P1, 476, 867Porto Alegre
59%
N869, 954Natal
40%
V901, 900Valencia
37%
A869, 351Arequipa
34%
E891, 434El Alto
14%
T822, 245Teresina
14%
U662, 362Uberlândia
14%
J791, 438João Pessoa
11%
D882, 729Duque de Caxias
8%
I523, 057Ibagué
8%
O694, 844Osasco
8%
H364, 725Huancayo
5%
X47, 679Xanxerê
5%
Y120, 000Yaritagua
3%
K28, 416Kourou
1%
W6, 000Wageningen
0%
Z138, 642Zaraza
0%

Score Distribution

Percentile by Number Answered

Percent of People with Each Score

Your Score History

You have not taken this quiz